| 000 | 01260cab a2200313 4500 | ||
|---|---|---|---|
| 001 | WB2831-34 | ||
| 008 | 090401t1992 xxu||||| |||| 00| 0 eng d | ||
| 035 | _a(Sirsi) u73079 | ||
| 041 | _aeng | ||
| 245 | _aLease renewals | ||
| 260 | _c1992 | ||
| 350 | _a0 | ||
| 490 |
_aEstates Gazette _v(9230) 1 August 1992, 96(1) |
||
| 520 | _aLooks at issues raised in a consolidated application for new tenancies, "Boots The Chemist Ltd v Pinkland Ltd" 1992: whether the tenants can `change their minds`, as to the lease term they would accept, during the hearing, whether the covenant obliging tenants to stay open for business and the upwards-only review clause should remain in the lease. Also the fixing of the management fee was settled by the county court. | ||
| 650 | _aBOOTS THE CHEMIST V PINKLAND | ||
| 650 | _aBUSINESS TENANCIES | ||
| 650 | _aLANDLORD AND TENANT ACT 1954 S36(2) | ||
| 650 | _aLANDLORD AND TENANT ACT 1954 | ||
| 650 | _aLEASE RENEWALS | ||
| 650 | _aMANAGEMENT FEES | ||
| 650 | _aNOTICE OF DISCONTINUANCE | ||
| 650 | _aPOSITIVE USER CLAUSE | ||
| 650 | _aREVOCATION | ||
| 650 | _aUPWARD ONLY RENT REVIEWS | ||
| 650 | _aUSER COVENANTS | ||
| 690 | _aLANDLORD AND TENANT-RENT REVIEWS | ||
| 942 | _n0 | ||
| 948 | _c04/03/1997 | ||
| 999 |
_c46214 _d46214 |
||